Faculty of Law Library — Cairo University

Official Online Catalog

Trattato di Diritto Penale Italiano : (Record no. 71384)

MARC details
000 -LEADER
fixed length control field 01135nam a2200301 i 4500
003 - CONTROL NUMBER IDENTIFIER
control field EG-GICUC
005 - DATE AND TIME OF LATEST TRANSACTION
control field 20260416113408.0
008 - FIXED-LENGTH DATA ELEMENTS--GENERAL INFORMATION
fixed length control field 260416s1934 it ||f |||| 001 0 ita d
040 ## - CATALOGING SOURCE
Original cataloging agency EG-GiCUC
Transcribing agency EG-GiCUC
Modifying agency EG-GiCUC
Description conventions Rda
Language of cataloging ita
041 0# - LANGUAGE CODE
Language code of text/sound track or separate title ita
082 04 - DEWEY DECIMAL CLASSIFICATION NUMBER
Edition number 21
Classification number 343.045
Item number MA . T
092 04 - LOCALLY ASSIGNED DEWEY CALL NUMBER (OCLC)
Edition number 21
099 ## - LOCAL FREE-TEXT CALL NUMBER (OCLC)
Classification number Law1 10 343.045 MA . T 1934
100 1# - MAIN ENTRY--PERSONAL NAME
Personal name Manzini , Vincenzo
Relator term Author.
245 10 - TITLE STATEMENT
Title Trattato di Diritto Penale Italiano :
Remainder of title Secondo Il Codice Del 1930.
Number of part/section of a work Volume Terzo,
Name of part/section of a work Misure di sicurezza – Cause estintive del reato e della pena – Fine della parte geuernlo /
Statement of responsibility, etc. Avv. Vincenzo Manzini.
264 #1 - PRODUCTION, PUBLICATION, DISTRIBUTION, MANUFACTURE, AND COPYRIGHT NOTICE
Place of production, publication, distribution, manufacture Torino :
Name of producer, publisher, distributor, manufacturer Unione Tipografico-Editrice Torinese ,
Date of production, publication, distribution, manufacture, or copyright notice 1934-XII.
300 ## - PHYSICAL DESCRIPTION
Extent 658 pages ;
Dimensions 24 cm.
Other physical details illustrations,
336 ## - CONTENT TYPE
Source rda contenu
Content type term texte
337 ## - MEDIA TYPE
Source rda medias
Media type term Ordinateur
338 ## - CARRIER TYPE
Source transporteur rda
Carrier type term Ressource en ligne
504 ## - BIBLIOGRAPHY, ETC. NOTE
Bibliography, etc. note Includes bibliographical references and index.
546 ## - LANGUAGE NOTE
Language note Text in Italian
650 14 - SUBJECT ADDED ENTRY--TOPICAL TERM
Topical term or geographic name entry element Criminal law
Geographic subdivision Italy
Source of heading or term qrmak
651 1# - SUBJECT ADDED ENTRY--GEOGRAPHIC NAME
Source of heading or term qrmak
856 40 - ELECTRONIC LOCATION AND ACCESS
Uniform Resource Identifier <a href="https://fll.law.cu.edu.eg/fulltext/bks/B10-09096.pdf">https://fll.law.cu.edu.eg/fulltext/bks/B10-09096.pdf</a>
905 ## - Cataloger and Reviser Names
Cataloger Name: Gomana
942 ## - ADDED ENTRY ELEMENTS (KOHA)
Source of classification or shelving scheme Dewey Decimal Classification
Koha item type Books
Edition 21
Suppress in OPAC No
Holdings
Withdrawn status Lost status Source of classification or shelving scheme Materials specified (bound volume or other part) Damaged status Not for loan Collection Home library Current library Date acquired Total checkouts Full call number Barcode Date last seen Copy number Price effective from Koha item type
    Dewey Decimal Classification V3   Not for loan القانون الجنائي جــــامعة القــاهرة مكتبة كلية الحقوق - المبنى الرئيسي 16.04.2026   Law1 10 343.045 MA . T 1934 1009096 V3, C1 B10-09096 16.04.2026 1 16.04.2026 Books

© All rights reserved — Faculty of Law, Cairo University